History Quiz

Random History or State Quiz

Same-Sex Marriage States Quiz Stats

 Plays Quiz Updated Jun 26, 2015

Also try: The Only State...
Challenge
Share
Tweet
Embed
Score 0/50 Timer 04:00
1 Play Today
Year State % Correct
2008/13California
95%
2011New York
91.7%
2015Texas
89.1%
2015Florida
88.7%
2012Washington
87%
2014Oregon
84.6%
2012Maine
84.6%
2015North Dakota
83.9%
2015South Dakota
83.4%
2009Vermont
83.3%
2015Ohio
83.1%
2014Alaska
82.9%
2015Georgia
82.8%
2014South Carolina
82.3%
2015Alabama
82.2%
2003Massachusetts
81.8%
2014North Carolina
81.8%
2014Virginia
80.7%
2014Arizona
80.5%
2015Mississippi
80.1%
2014Colorado
80.1%
2009New Hampshire
80%
2013New Jersey
79.8%
2015Michigan
79.8%
2013Rhode Island
79.6%
Year State % Correct
2013Hawaii
79%
2015Arkansas
78.7%
2015Kentucky
78.2%
2014Kansas
77.5%
2014Illinois
77.4%
2014Idaho
77.4%
2014Nevada
77.4%
2015Tennessee
77.3%
2014Montana
77.2%
2014Pennsylvania
76.8%
2015Louisiana
76%
2008Connecticut
74.8%
2013New Mexico
74.7%
2014Indiana
74.5%
2013Delaware
74.4%
2014West Virginia
74%
2015Missouri
72.9%
2015Nebraska
72.3%
2014Wyoming
72.2%
2013Maryland
71.4%
2014Wisconsin
71%
2014Utah
69.1%
2014Oklahoma
69.1%
2013Minnesota
67.7%
2009Iowa
59.5%

You're not logged in!

Compare scores with friends on all Sporcle quizzes.
Join for Free
OR
Log In

You Might Also Like...

Show Comments

Extras

Top Quizzes Today


Score Distribution

Your Account Isn't Verified!

In order to create a playlist on Sporcle, you need to verify the email address you used during registration. Go to your Sporcle Settings to finish the process.

Report this User

Report this user for behavior that violates our Community Guidelines.

Details: